| 000 | 00481 a2200133 4500 | ||
|---|---|---|---|
| 001 | 87791 | ||
| 082 | _aPR 168 | ||
| 090 |
_c41251 _d41251 |
||
| 100 | _aQais Waleed Alqaisi, 2nd LT 405160 71 EC | ||
| 245 | _aTo study feasibility of carrying out repair of light weight aircraft skin panels using composite material graft instead of conventional metal stiffeners | ||
| 260 |
_aRisalpur _bNUST Risalpur _c2011 |
||
| 300 |
_av, 35p. _eBabar Saeed, Wg Cdr |
||
| 500 | _aBE Project Reports | ||
| 942 |
_aCAE NUST _kPR 168 |
||
| 999 |
_c322864 _d322864 |
||